000 01166naa a22002777a 4500
001 BR8804395
003 BR-BrBNA
005 20240918180247.0
007 ta
008 230509b bl.||||| |||| 00| 0 por d
040 _aBR-BrBNA
_bpor
_cBiblioteca Nacional de Agricultura
041 _a(Pt)
072 _aL01; E70
_b9135
090 _aL01 BR8804395
100 1 _aSeabra Filho, J.R.
111 1 _aSimposio sobre Apicultura
_cJaboticabal, SP (Brazil)
_d13-14 Jun 1984
245 1 _aGeleia real - producao e comercializacao
260 3 _aCampinas, SP (Brasil):
_c1984.
500 _aNogueira, R.H.F.; Moreira, A. dos S.; Moura, J.C. de (eds.) Anais do Simposio sobre Apicultura Campinas, SP (Brasil): 1984. p. 81-86 (BR8804395-AM)L01
650 _aAPIARIO
650 _aGELEIA
650 _aPRODUCAO
773 0 _tAnais do Simposio sobre Apicultura
_aNogueira, R.H.F.; Moreira, A. dos S.; Moura, J.C. de (eds.). Fundacao Cargill, Campinas, SP (Brasil);Faculdade de Ciencias Agrarias e Veterinarias "Campus" de Jaboticabal, SP (Brasil)
_wL01 BR8804395
_gCampinas, SP (Brasil), 1984. p. 81-86
909 _a202404
_bLucia
_c55
_dLucia Elande
942 _cAM
_2AGRIS
999 _c319511
_d319511